000 00686cab a2200241 4500
001 ABS50089
008 090401t1994 xxu||||| |||| 00| 0 eng d
035 _a(Sirsi) u74106
041 _aeng
100 _aBishop, D.
245 _aImpositions and opportunities
260 _c1994
350 _a0
490 _aCSM (Chartered Surveyor Monthly)
_v3(5) February 1994, 36-37(2)
520 _aLooks at the HSC`s CONDAM regulations.
650 _aCONDAM
650 _aCONSTRUCTION (DESIGN AND MANAGEMENT) REGULATIONS 1994
650 _aHEALTH AND SAFETY COMMISSION
650 _aSAFETY
690 _aBUILT ENVIRONMENT-CONSTRUCTION DESIGN
942 _n0
948 _c04/03/1997
999 _c46781
_d46781